00882nam a2200217Ia 4500003000900000008004100009020002200050040001600072080002500088245010700113260007200220300002300292650004000315650004000355650004500395700003000440700003000470942000700500999001700507952014000524IN-BaIIA211028s9999 xx 000 0 eng d a978-0-8194-7224-3 cIIA Library a535(082.1)bSPI-7014 0aGround-based and airborne instrumentation for astronomy IIcedited by Ian S. McLean and Mark M. Casali aWashingtonbThe International Society for Optical Engineeringc2008 a[various pagings.] aInstrumentation - congresses931707 aOptical imaging - congresses933043 aOptical spectroscopy - congresses933044 aCasali, M. M., ed.933045 aMcLean, I. S., ed.933046 cBK c17489d17489 00104070aBANbBANcGENd2009-10-09eBSS g175.00l0o535(082.1)/ SPI-7014p18411r2021-11-05v175.00w2009-10-09yBKGRs. 175.00